Statistics for Every City in Ethiopia

Click here to take the quiz!

General Stats

  • This quiz has been taken 9 times
  • The average score is 33 of 215

Answer Stats

CityPopulation% Correct
AAddis Abeba3,860,000
100%
DDire Dawa343,000
63%
MMekele457,900
63%
GGondar466,000
50%
AAdama456,900
38%
AAdigrat121,800
38%
AAksum94,500
38%
BBahir Dar350,000
38%
BBishoftu207,400
38%
DDebre Markos140,700
38%
HHarar157,000
38%
LLalibela39,100
38%
AAdwa85,600
25%
AArba Minch201,000
25%
AAwasa422,200
25%
DDebre Birhan146,900
25%
DDebre Tabor125,300
25%
DDese270,400
25%
DDolo41,400
25%
GGambela97,600
25%
HHumora46,100
25%
JJijiga198,000
25%
JJima250,900
25%
MMaychew49,600
25%
YYirga Alem81,600
25%
ZZiway90,500
25%
AAbala25,300
13%
AAbderafi24,500
13%
AAbiy Adi34,200
13%
AAbomsa30,400
13%
AAdaba25,100
13%
AAddis Alem20,900
13%
AAddis Kidam20,100
13%
AAdebaye21,800
13%
AAdet43,200
13%
AAdis Zemen36,300
13%
AAdola47,600
13%
AAgaro52,800
13%
AAlaba Kulito72,200
13%
AAlamata70,400
13%
AAlem Ketema23,500
13%
AAlem Tena23,700
13%
AAleta Wendo59,300
13%
AAman29,400
13%
AAmba Giyorgis27,300
13%
AAmbo99,900
13%
AAreka84,500
13%
AArerti23,000
13%
AArsi Negele98,100
13%
AAsasa42,900
13%
AAsayta39,400
13%
AAsela139,500
13%
AAsosa69,700
13%
AAtaye26,300
13%
AAwash Sebat Kilo36,500
13%
AAyikel34,000
13%
BBabile36,700
13%
BBako34,100
13%
BBambasi26,300
13%
BBati37,600
13%
BBedele40,500
13%
BBedesa37,700
13%
BBekoji36,800
13%
BBichena36,500
13%
BBoditi64,900
13%
BBonga56,000
13%
BBule Hora57,700
13%
BBurayu101,400
13%
BBure46,000
13%
BButajira89,800
13%
CChagni52,300
13%
CChelenko20,900
13%
CChencha27,500
13%
CChiefera22,400
13%
CChinaksen25,400
13%
CChiro69,800
13%
CChuko49,500
13%
DDabat28,300
13%
DDangila56,000
13%
DDaye31,000
13%
DDebark46,800
13%
DDeder26,900
13%
DDegehabur47,200
13%
DDembecha29,800
13%
DDembi Dolo61,100
13%
DDera30,700
13%
DDibate21,300
13%
DDila158,800
13%
DDiniboya21,800
13%
DDodola43,200
13%
DDubti36,100
13%
DDurame65,900
13%
DDurbete26,500
13%
EEbinat27,000
13%
EEnseno30,500
13%
EEste31,300
13%
FFiche57,100
13%
FFilakit26,500
13%
FFinote Selam58,400
13%
FFunyan Bira25,000
13%
GGebre Guracha41,200
13%
GGedeb24,000
13%
GGedo23,300
13%
GGelemso34,200
13%
GGenda Wuha25,600
13%
GGida Ayana21,800
13%
GGidole35,500
13%
GGimbi64,300
13%
GGimbicho22,900
13%
GGimjabet24,800
13%
GGinchi37,600
13%
GGinir35,500
13%
GGoba66,500
13%
GGobesa23,200
13%
GGode67,900
13%
GGuder30,600
13%
GGutin28,300
13%
HHadero48,000
13%
HHaramaya63,700
13%
HHarbu24,500
13%
HHaro Adi23,000
13%
HHartisheik22,000
13%
HHayk28,500
13%
HHirna24,200
13%
HHoleta48,300
13%
HHosaena188,200
13%
HHuruta27,500
13%
IIdaga Hamus25,400
13%
IIndaba Guna21,400
13%
IInjibara47,500
13%
IInticho21,800
13%
IIteya31,100
13%
JJinka54,400
13%
KKachise22,900
13%
KKebri Dehar45,900
13%
KKele23,100
13%
KKemise43,800
13%
KKersa23,300
13%
KKobo56,100
13%
KKofele27,900
13%
KKoladiba27,300
13%
KKombolcha132,100
13%
KKorem35,600
13%
KKuyera21,100
13%
LLeku31,700
13%
LLimu Genet20,700
13%
LLogiya34,500
13%
LLumame20,900
13%
MMaksegnit25,800
13%
MManbuk24,100
13%
MMay Cadera27,300
13%
MMehal Meda24,900
13%
MMehoni29,200
13%
MMeki75,200
13%
MMelka Rafa26,200
13%
MMena22,100
13%
MMendi29,100
13%
MMerawi42,200
13%
MMerito Lemariyam27,600
13%
MMersa36,300
13%
MMetema Yohanis22,900
13%
MMetu59,700
13%
MMieso27,700
13%
MMile21,700
13%
MMizan62,000
13%
MMojo61,300
13%
MMota59,000
13%
MMoyale57,000
13%
NNefas Mewcha44,200
13%
NNegele73,100
13%
NNejo39,400
13%
NNekemte156,000
13%
QQericha20,500
13%
RRobe31,400 | 92,100
13%
SSagure24,900
13%
SSawla61,000
13%
SSebeta102,300
13%
SSekota50,300
13%
SSendafa25,500
13%
SShakiso47,500
13%
SShambu31,100
13%
SShashemene208,400
13%
SShendi23,900
13%
SSheno22,900
13%
SShewa Robit39,600
13%
SShinshicho38,400
13%
SShiraro36,100
13%
SShire Inda Silase100,100
13%
SShone41,900
13%
SSire21,300
13%
SSodo204,100
13%
TTepi66,700
13%
TTercha24,300
13%
TTikil Dingay28,200
13%
TTilili20,400
13%
TTis Abay39,200
13%
TTogo Chale22,700
13%
TTora24,600
13%
TTulu Bolo30,000
13%
WWacha28,300
13%
WWaka26,500
13%
WWaliso78,600
13%
WWegada23,200
13%
WWeldiya104,000
13%
WWelenchiti31,500
13%
WWelkite77,500
13%
WWenji Gefersa29,200
13%
WWerabe25,400
13%
WWere Ilu20,600
13%
WWereta47,800
13%
WWonago22,800
13%
WWukro64,000
13%
YYabelo36,300
13%
YYirga Chefe40,600
13%

Score Distribution

Percentile by Number Answered

Percent of People with Each Score

Your Score History

You have not taken this quiz